000 00427nam a22001577a 4500
005 20250723121638.0
008 250723b |||||||| |||| 00| 0 eng d
041 _aEnglish
082 _a346.7 NAM
100 _lEnglish
245 _aThe Namcode: The Corporate Governance Code for Namibia
260 _c2016
300 _b120 pages;
_c22 cm.
650 _aLegal practice
_bLaw
942 _cBK
_6ALISON_BN_VRIES
999 _c3310
_d3310